| 000 | 00764nam a2200229 u 4500 | ||
|---|---|---|---|
| 005 | 20251127161413.0 | ||
| 008 | 101008s2008 ag r 000 0 spa d | ||
| 020 | _a9789870601371 | ||
| 035 | _aUPN01000178068 | ||
| 049 | _aCG | ||
| 050 | 4 |
_aLC92 P5 _bD5.2 |
|
| 100 | 1 | _aDíaz, Hugo | |
| 245 | 1 | 0 |
_aDescentralización, organismos intermedios y equidad educativa en Perú / _cHugo Díaz, Néstor Valdivia, Rodrigo Lajo. |
| 260 |
_aBuenos Aires : _bAique, _c2008. |
||
| 300 | _a270 p. | ||
| 650 | 4 |
_aEducación y Estado _zPerú _917308 |
|
| 650 | 4 |
_aDescentralización en la educación _912461 |
|
| 650 | 4 |
_aIGUALDAD DE OPORTUNIDADES EN EDUCACION - _zPERU _917307 |
|
| 700 | 1 |
_aValdivia, Néstor, _ecoaut. |
|
| 700 | 1 |
_aLajo, Rodrigo, _ecoaut. |
|
| 905 | _aLibro | ||
| 999 |
_c150171 _d150171 |
||